Disain beton bertulang

Bibliographic Details
Main Authors: Wang, Chu-kia (Author), Salmon, Charles G. (Author)
Format: Book
Published: Jakarta Erlangga 1987
Edition:Ed. ke-4
Subjects:

MARC

LEADER 00000cam a2200000 7i4500
001 0000000209
008 021118s1987
090 0 0 |a TA683.2  |b .W315 1987 (j2) 
100 0 |a Wang, Chu-kia  |e author 
240 0 0 |a Reinforced concrete design  |l Bahasa Indonesia 
245 0 0 |a Disain beton bertulang  |c Chu-Kia Wang, Charles G. Salmon   |f alih bahasa oleh Binsar Hariandja 
250 |a Ed. ke-4 
260 2 |a Jakarta  |b Erlangga  |c 1987 
300 |a j. 2 : 452 ms.   |c 25 sm 
650 0 |a Reinforced concrete 
700 0 |a Salmon, Charles G.  |e author 
999 |a 1000035464  |b Book  |c OPEN SHELF (30 DAYS)  |e Gong Badak Campus